[Event "Leamington Spa 4NCL op-B 26th"]
[Site "Leamington Spa"]
[Date "2021.09.11"]
[Round "2"]
[White "Cawston, M John"]
[Black "Jones, Timothy M"]
[Result "1-0"]
[WhiteElo "1863"]
[BlackElo "1698"]
[PlyCount "101"]
[EventDate "2021.09.10"]
[EventType "swiss"]
[EventRounds "5"]
[EventCountry "ENG"]
[SourceTitle "EXT 2023"]
[Source "ChessBase"]
[SourceDate "2022.10.05"]
[SourceVersion "1"]
[SourceVersionDate "2022.10.05"]
[SourceQuality "1"]

1. e4 c5 2. Nf3 d6 3. Bb5+ Bd7 4. Bxd7+ Nxd7 5. 0-0 Ngf6 6. Re1 g6 7. c4 Bg7 8. Nc3 0-0 9. d3 a6 10. h3 e6 11. Bf4 Qb6 12. Qe2 Nh5 13. Bh2 Rad8 14. Rac1 Ne5 15. b3 Qa5 16. Bxe5 Bxe5 17. Nxe5 dxe5 18. g3 Rd7 19. Qc2 Qd8 20. Rcd1 Qg5 21. Kh2 Qf6 22. Re3 Rfd8 23. Na4 Qe7 24. Qc3 Rd4 25. Qa5 Qf6 26. Qe1 Qe7 27. Qe2 Nf6 28. Nb2 Kg7 29. Rf1 h5 30. Kg2 Rf8 31. f4 exf4 32. gxf4 Rdd8 33. Qf2 Nd7 34. f5 exf5 35. exf5 Qd6 36. Qg3 Qxg3+ 37. Kxg3 g5 38. Na4 Rfe8 39. Re4 Kf6 40. Nc3 h4+ 41. Kg2 Nb6 42. Rxe8 Rxe8 43. Ne4+ Kg7 44. Nxc5 Re2+ 45. Kf3 Rxa2 46. Kg4 f6 47. Kh5 Re2 48. Rf3 Re7 49. Ne6+ Kh7 50. Re3 Re8 51. Nxg5+ 1-0

[Event "Leamington Spa 4NCL op-B 26th"]
[Site "Leamington Spa"]
[Date "2021.09.10"]
[Round "1"]
[White "Jones, Timothy M"]
[Black "Dean, Robert A"]
[Result "1/2-1/2"]
[WhiteElo "1698"]
[BlackElo "1866"]
[PlyCount "69"]
[EventDate "2021.09.10"]
[EventType "swiss"]
[EventRounds "5"]
[EventCountry "ENG"]
[SourceTitle "EXT 2023"]
[Source "ChessBase"]
[SourceDate "2022.10.05"]
[SourceVersion "1"]
[SourceVersionDate "2022.10.05"]
[SourceQuality "1"]

1. e4 e6 2. d4 d5 3. Nd2 Nf6 4. e5 Nfd7 5. Bd3 c5 6. c3 Nc6 7. Ne2 Qb6 8. Nf3 cxd4 9. cxd4 f6 10. exf6 Nxf6 11. 0-0 Bd6 12. Re1 0-0 13. a3 Bd7 14. Bf4 Bxf4 15. Nxf4 Rae8 16. Qd2 Na5 17. Rab1 Nb3 18. Qd1 Ne4 19. Nh3 e5 20. Nhg5 Nxd4 21. Bxe4 dxe4 22. Nxd4 exd4 23. Rxe4 Rxe4 24. Nxe4 Bf5 25. Qd3 Re8 26. f3 Bg6 27. b4 Rc8 28. Rd1 Rd8 29. Qc4+ Bf7 30. Qc5 Qxc5 31. Nxc5 b6 32. Ne4 Bc4 33. Kf2 b5 34. g3 h6 35. Nc5 1/2-1/2

[Event "ENG-ch Seniors 65"]
[Site "Solihull"]
[Date "2019.04.07"]
[Round "6"]
[White "Conway, John"]
[Black "Jones, Timothy M"]
[Result "1-0"]
[WhiteElo "1600"]
[BlackElo "1765"]
[PlyCount "23"]
[EventDate "2019.04.04"]
[EventType "swiss"]
[EventRounds "6"]
[EventCountry "ENG"]
[SourceTitle "CBM 190 Extra"]
[Source "ChessBase"]
[SourceDate "2019.07.15"]
[SourceVersion "1"]
[SourceVersionDate "2019.07.15"]
[SourceQuality "1"]

1. e4 d6 2. d4 Nf6 3. Nc3 Nbd7 4. Be3 e5 5. f3 Be7 6. Qd2 c6 7. 0-0-0 b5 8. dxe5 dxe5 9. g4 Qa5 10. Kb1 Nb6 11. Nce2 Bb4 12. Qd8# 1-0